The stranger in the mirror /

Saved in:
Bibliographic Details
Main Author: Laffeaty, Christina
Format: Book
Language:English
Published: London : D. C. Thomson, 1979.
Series:My weekly story library ; 385
LEADER 00743nam a22002053 4500
001 c000228684
003 CARM
005 20070104094230.0
008 891017s1979 enk 000 i eng d
019 1 |a 41359260  |5 LACONCORD2021 
035 |a (OCoLC)225030311  |5 LACONCORD2021 
040 |a VCAV  |c VCAV 
100 1 |a Laffeaty, Christina. 
245 1 4 |a The stranger in the mirror /  |c by Christina Laffeaty. 
260 |a London :  |b D. C. Thomson,  |c 1979. 
300 |a 66 p. 
490 0 |a My weekly story library ;  |v 385 
852 8 |b CARM  |h A1:AP35A0  |i A04239  |p 0345012  |f BK 
999 f f |i 2a5af74a-4938-5d49-a90b-080d3cc618d3  |s f9494437-2684-5550-a6db-bf4ccf557019 
952 f f |p Can circulate  |a CAVAL  |b CAVAL  |c CAVAL  |d CARM 1 Store  |e A04239  |f A1:AP35A0  |h Other scheme  |i book  |m 0345012